000 00416nam a22001697a 4500
005 20180321124711.0
008 160615b xxu||||| |||| 00| 0 eng d
020 _a981-240-612-3
041 _aeng
082 _b7773
_a338.5024658
100 _aSalvatore, Dominick
_91014
245 _aManagerial Economics: in a glabal economics
260 _bThomson
300 _a723
650 _aManagement
_9241
942 _cBK
999 _c2783
_d2782